The Janus faces of genius (Record no. 122464)
[ view plain ]
| 000 -LEADER | |
|---|---|
| fixed length control field | 00560nam a22001577a 4500 |
| 008 - FIXED-LENGTH DATA ELEMENTS--GENERAL INFORMATION | |
| fixed length control field | 150318b xxu||||| |||| 00| 0 eng d |
| 020 ## - INTERNATIONAL STANDARD BOOK NUMBER | |
| International Standard Book Number | 9780521380843 |
| 050 ## - LIBRARY OF CONGRESS CALL NUMBER | |
| Classification number | QC16.N7D64 1991 |
| 100 ## - MAIN ENTRY--PERSONAL NAME | |
| Personal name | Dobbs, B.J.T. |
| 9 (RLIN) | 16416 |
| 245 ## - TITLE STATEMENT | |
| Title | The Janus faces of genius |
| Remainder of title | the role of alchemy in Newton's thought |
| Statement of responsibility, etc | /by Betty Jo Teeter Dobbs |
| 260 ## - PUBLICATION, DISTRIBUTION, ETC. (IMPRINT) | |
| Place of publication, distribution, etc | New York |
| Name of publisher, distributor, etc | Cambridge university Press |
| Date of publication, distribution, etc | 1991 |
| 300 ## - PHYSICAL DESCRIPTION | |
| Extent | xii,359p. ; |
| Dimensions | 24cm. |
| 650 ## - SUBJECT ADDED ENTRY--TOPICAL TERM | |
| Topical term or geographic name as entry element | Newton, Isaac, Sir, 1642-1727 |
| General subdivision | Knowledge |
| -- | Alchemy |
| 9 (RLIN) | 16420 |
| 650 ## - SUBJECT ADDED ENTRY--TOPICAL TERM | |
| Topical term or geographic name as entry element | Alchemy |
| General subdivision | History |
| 9 (RLIN) | 16421 |
| 942 ## - ADDED ENTRY ELEMENTS (KOHA) | |
| Source of classification or shelving scheme | Library of Congress Classification |
| Item type | Monograph ( Printed materials) |
| Withdrawn status | Lost status | Source of classification or shelving scheme | Damaged status | Not for loan | Collection code | Home library | Current library | Shelving location | Date acquired | Total Checkouts | Full call number | Barcode | Date last seen | Price effective from | Koha item type |
|---|---|---|---|---|---|---|---|---|---|---|---|---|---|---|---|
| Library of Congress Classification | Main Collection | ARRUPE LIBRARY | ARRUPE LIBRARY | Main Collection | 18/03/2015 | QC16.N7D64 1991 | 46500000451 | 02/07/2019 | 18/03/2015 | Monograph ( Printed materials) |